| 000 | 00348 a2200121 4500 | ||
|---|---|---|---|
| 001 | ART_25249 | ||
| 005 | 20260410161644.0 | ||
| 008 | 260409a | ||
| 245 | 1 | 0 | _aRégimen de facilidades de pago |
| 100 | 1 | _aTaub, Isidoro L. | |
| 700 | 1 | _aBuono, Javier A. | |
| 773 | 0 |
_tConsultor tributario _g- Año 8, Nº 89 (jul. 2014) _wREV474 |
|
| 999 |
_c13655 _d13655 |
||